01661nam a2200337 i 4500003000900000005001700009007000300026008004100029040003000070082001300100100005300113245019300166246009100359264004200450300002800492336002700520337003400547338002800581500009000609504002900699504009000728590002700818700004200845700003300887710008000920710006701000910001401067942001401081952021101095999001701306DO-SdBNP20250306133651.0ta240909s1985 dr 000 j spa d aDO-SdBNPbspacBNPHUerda bB716222 aBonnelly de Calventi, Idelisa,d1935-192295377410aInforme aspectos químicos y usos nativos de plantas en la medicina folklórica dominicanabestudio bibliográfico /cIdelisa Bonnelly de Calventi, Manuel vásquez Tineo, David Terrero aAspectos químicos y usos nativos de plantas en la medicina folklórica dominicana / 1aSanto Domingo :bUASD,bCIBIMAc1985. a64 páginas, c21 cm. 2rdacontentatextobtxt 2rdamediaasin mediación bn 2rdacarrieravolumenbnc aIncluye índice de nombres vulgares de plantas medicinales citadas en este trabajo.  aBibliografía p: 63-64. aReferencias bibliográficas utilizadas en la preparación de la tabla 10 p: 58-59.  aInventariado, 2024/ YL1 aVásquez tineo, Manueleautor9865401 aTerrero, Davideautor986542 aUniversidad Autónoma de Santo Domingo (UASD)bFacultad de Ciencias9847601 aCentro de Investigaciones de Biología Marina (CIBIMA)986544 aYLockward 2ddccLBS1 00102ddc51708PDaBNPHUbBNPHUcCTd2023-03-01eDonado por Emilio Cordero Michell0oBNPHU PD B716p2024-5267r2024-09-09w2024-09-09yLBS1zPerteneció a la biblioteca personal de Emilio Cordero Michel c57651d57651